00979nam a2200253Ia 4500003000400000005001700004008004100021020001800062040001800080041000800098082002100106100002800127245011100155250001200266260005300278300002400331650004100355650003700396650003900433700003400472942003100506999001900537952016900556OSt20220901100805.0210716s2011 xx 000 0 und d a9789380853222 cAIMIT LIBRARY aeng a574.19121bCLAJ aClaycomb, James.956280 aIntroductory biophysics: bperspectives on the living state /cBy James Claycomb and Jonathan Quoc P Tran. a1st ed. aBoston :bJones and Bartlett Publishers ,c2011. axiv,359p. ;c24 cm. aBuilding blocks and structure956281 aLiving state interactions956282 aLiving state thermodynamics956283 aTran, Jonathan Quoc P.956284 2ddccBKe1stk574.191 CLAJ c193316d193316 00102ddc40708MCAaAIMITbAIMITeKnowledge Worldg495.00iBill no:1467; Bill dt:2013-01-10l0o574.191CLAJpMCA12824r2025-07-21 00:00:00v371.25w2021-07-16yBK